000 00806nam a2200229 a 4500
001 000014389
003 DO-SdBNP
005 20211201102634.0
008 091211s1972 dr 000 0 spa d
040 _aDO-SdBNP
_bspa
_cBNPHU
082 4 _a928.61
_bG241e
_222
100 1 _aGarrido Pueblo, E. O.
_d1893-
_932496
245 1 0 _aEspejo del pasado /
_cE. O. Garrido Puello.
260 _aSanto Domingo :
_bArte y Cine,
_c1972.
300 _a24 p. : ;
_c20 cm.
590 _aInventariado, 2020/BT
600 1 4 _aGARRIDO PUELLO, EMIGDIO OSVALDO
_d1893-
_932497
651 4 _aSan Juan de la Maguana (República Dominicana)
_xHistoria local
_913894
651 4 _aSan Juan de la Maguana (República Dominicana)
_xVida social y costumbres
_911183
910 _aValidado. Control de calidad MFF
942 _2ddc
_cLBS1
999 _c13980
_d13980